[Event "IND-ch U11 30th"]
[Site "India"]
[Date "2016.06.29"]
[Round "2"]
[White "Mihir, Godawat"]
[Black "Aaryan, Varshney"]
[Result "0-1"]
[WhiteElo "1331"]
[BlackElo "1681"]
[PlyCount "96"]
[EventDate "2016.06.28"]
[EventType "swiss"]
[EventRounds "11"]
[EventCountry "IND"]
[SourceTitle "CBM 173 Extra"]
[Source "ChessBase"]
[SourceDate "2016.08.29"]
[SourceVersion "1"]
[SourceVersionDate "2016.08.29"]
[SourceQuality "1"]

1. d4 d5 2. c4 e6 3. Nf3 Nf6 4. e3 c6 5. Bd2 Bd6 6. Nc3 Nbd7 7. Be2 dxc4 8. Bxc4 b5 9. Bb3 Bb7 10. 0-0 0-0 11. Rc1 a6 12. Qe2 c5 13. dxc5 Nxc5 14. Bc2 Ng4 15. h3 Bxf3 16. Qxf3 Nh2 17. Bxh7+ Kxh7 18. Qh5+ Kg8 19. Rfd1 b4 20. Nb1 Nd3 21. Rc2 Qf6 22. Bc1 Rac8 23. Qe2 Nxc1 24. Rdxc1 Qxb2 25. Qd1 Rxc2 26. Rxc2 Qa1 27. Nc3 Qxd1+ 28. Nxd1 Rd8 29. Nb2 g5 30. f4 gxf4 31. Kxh2 fxe3+ 32. Kg1 Be5 33. Kf1 Rd2 34. Rxd2 exd2 35. Nd1 a5 36. Ke2 Bc3 37. Kd3 a4 38. a3 Be5 39. Kc2 bxa3 40. Kb1 Bb2 41. Ne3 e5 42. g4 Bd4 43. Nd1 e4 44. Ka2 e3 45. Nxe3 Bxe3 46. g5 d1Q 47. g6 Qb3+ 48. Ka1 Qb2# 0-1